Score 0/39 Timer 10:00
0 Plays Today
% Correct
007
92.9%
R2D2
91.4%
26 miles 385 yards
89.8%
K9
88.8%
C3PO
88.3%
20-20
87.8%
98.6
87.8%
3.14
86.8%
19th
85.3%
4WD
83.8%
1 armed bandit
79.2%
221B
78.7%
- 40
76.1%
4 x 4
75.6%
60 ft 6 in
71.6%
K2
70.6%
222-0
69.5%
10-4
69%
9 3|4
67.5%
99 44|100 %
67.5%
% Correct
.406
67%
1|3
64%
9-0
64%
U-2
62.4%
1-0
60.4%
53 1|3
57.4%
15,000,000
53.8%
4F
50.8%
6-4-3
48.2%
4-2
47.7%
1.618
47.2%
7X
45.2%
1|10
44.7%
25,000,000
43.1%
1.98
41.6%
2.718
41.1%
18 1|2
38.6%
10,000,000
38.1%
10-2-4
31.5%
Remove Ads.
Support Sporcle.
Get the best of Sporcle when you Go Orange. This ad-free experience offers more features, more stats, and more fun while also helping to support Sporcle. Thank you for becoming a member.

You're not logged in!

Compare scores with friends on all Sporcle quizzes.
OR
Log In

Show Comments

Extras

Top Quizzes Today


Score Distribution

Your Account Isn't Verified!

In order to create a playlist on Sporcle, you need to verify the email address you used during registration. Go to your Sporcle Settings to finish the process.

Report this User

Report this user for behavior that violates our Community Guidelines.

Details: